000 00591nam a2200181 i 4500
001 82576
003 ES-MaACL
005 20251110063222.0
007 t|
008 041111s1903 sp ||||1| spa d
100 1 _aIbsen, Henrik,
_d1828-1906
_965031
245 1 0 _aEmperador y Galileo
_b: [Juliano, Emperador : Segunda parte] /
_cEnrique Ibsen ; traducción de Eusebio Heras.
260 _aValencia :
_b[s.n.,
_c1903] (
_fF. Sempere y Cía)
300 _a2 v. ;
_c19 cm.
700 1 _aHeras Hernández, Eusebio.
_962647
852 _aES-MaACL
_jD-1492-93
999 _c82576
_d82576